Fundamentals of protein NMR spectroscopy / (Record no. 21410)
[ view plain ]
| 000 -LEADER | |
|---|---|
| fixed length control field | 02353cam a22003375i 4500 |
| 001 - CONTROL NUMBER | |
| control field | 15425479 |
| 003 - CONTROL NUMBER IDENTIFIER | |
| control field | EG-ScBUE |
| 005 - DATE AND TIME OF LATEST TRANSACTION | |
| control field | 20251221110934.0 |
| 008 - FIXED-LENGTH DATA ELEMENTS--GENERAL INFORMATION | |
| fixed length control field | 080823t2006 ne a f b 001 0 eng d |
| 020 ## - INTERNATIONAL STANDARD BOOK NUMBER | |
| International Standard Book Number | 1402034997 |
| 020 ## - INTERNATIONAL STANDARD BOOK NUMBER | |
| International Standard Book Number | 9781402034992 |
| 040 ## - CATALOGING SOURCE | |
| Original cataloging agency | EG-ScBUE |
| Language of cataloging | eng |
| Description conventions | rda |
| Transcribing agency | EG-ScBUE |
| Modifying agency | EG-ScBUE |
| 082 04 - DEWEY DECIMAL CLASSIFICATION NUMBER | |
| Edition number | 22 |
| Classification number | 547.7 |
| Item number | RUL |
| 100 1# - MAIN ENTRY--PERSONAL NAME | |
| Personal name | Rule, Gordon S., |
| 9 (RLIN) | 39551 |
| Relator term | author. |
| 245 10 - TITLE STATEMENT | |
| Title | Fundamentals of protein NMR spectroscopy / |
| Statement of responsibility, etc | by Gordon S. Rule, Department of Biological Sciences, Carnegie Mellon University, Pittsburgh, PA, U.S.A., and T. Kevin Hitchens, Pittsburgh NMR Center for Biomedical Research, Carnegie Mellon University, Pittsburgh, PA, U.S.A. |
| 264 #1 - PUBLICATION, DISTRIBUTION, ETC. (IMPRINT) | |
| Place of publication, distribution, etc | Dordrecht : |
| Name of publisher, distributor, etc | Springer, |
| Date of publication, distribution, etc | [2006] |
| 264 #4 - PUBLICATION, DISTRIBUTION, ETC. (IMPRINT) | |
| Date of publication, distribution, etc | c2006 |
| 300 ## - PHYSICAL DESCRIPTION | |
| Extent | xxvi, 530 pages : |
| Other physical details | illustrations ; |
| Dimensions | 25 cm. |
| 336 ## - CONTENT TYPE | |
| Source | rdacontent |
| Content type term | text |
| Content type code | txt |
| 337 ## - MEDIA TYPE | |
| Media type term | unmediated |
| Source | rdamedia |
| Media type code | n |
| 338 ## - CARRIER TYPE | |
| Carrier type term | volume |
| Carrier type code | nc |
| Source | rdacarrier |
| 490 0# - SERIES STATEMENT | |
| Series statement | Focus on structural biology ; |
| Volume number/sequential designation | volume 5 |
| 504 ## - BIBLIOGRAPHY, ETC. NOTE | |
| Bibliography, etc | Includes bibliographical references and index.<br/> |
| 505 0# - FORMATTED CONTENTS NOTE | |
| Formatted contents note | NMR spectroscopy. -- Practical aspects of acquiring NMR spectra. -- Introduction to signal processing. -- Quantum mechanical description of NMR. -- Quantum mechanical description of a one pulse experiment. -- The density matrix & product operators. -- Scalar coupling. -- Coupled spins: density matrix and product operator formalism. -- Two dimensional homonuclear J-correlated spectroscopy. -- Two dimensional heteronuclear J-correlated spectroscopy. -- Coherence editing: pulsed-field gradients and phase cycling. -- Quadrature detection in multi-dimensional NMR spectroscopy. -- Resonance assignments: homonuclear methods. -- Resonance assignments: heteronuclear methods. -- Practical aspects of N-dimensional data acquisition and processing. -- Dipolar coupling. -- Protein structure determination. -- Exchange processes. -- Nuclear spin relaxation and molecular dynamics. -- Appendices: A. Fourier transforms ; B. Complex variables, scalars, vectors, and tensors ; C. Solving simultaneous differential equations: Laplace transforms ; D. Building blocks of pulse sequences. |
| 650 #7 - SUBJECT ADDED ENTRY--TOPICAL TERM | |
| Topical term or geographic name as entry element | Macromolecules. |
| Source of heading or term | BUEsh |
| 650 #7 - SUBJECT ADDED ENTRY--TOPICAL TERM | |
| Topical term or geographic name as entry element | Nuclear magnetic resonance spectroscopy. |
| Source of heading or term | BUEsh |
| 653 ## - INDEX TERM--UNCONTROLLED | |
| Resource For college | Pharmacy |
| Arrived date list | March2016 |
| 655 ## - INDEX TERM--GENRE/FORM | |
| Form subdivision | Reading book |
| 700 1# - ADDED ENTRY--PERSONAL NAME | |
| Personal name | Hitchens, T. Kevin, |
| Relator term | author. |
| 942 ## - ADDED ENTRY ELEMENTS (KOHA) | |
| Source of classification or shelving scheme | Dewey Decimal Classification |
| Koha item type | Book - Borrowing |
| Withdrawn status | Lost status | Source of classification or shelving scheme | Damaged status | Not for loan | Collection code | Home library | Current library | Shelving location | Date acquired | Source of acquisition | Cost, normal purchase price | Serial Enumeration / chronology | Total Checkouts | Full call number | Barcode | Date last seen | Cost, replacement price | Price effective from | Koha item type |
|---|---|---|---|---|---|---|---|---|---|---|---|---|---|---|---|---|---|---|---|
| Dewey Decimal Classification | Central Library | Central Library | First floor | 14/03/2016 | Purchase | 760.00 | 1 | 547.7 RUL | 000032039 | 15/07/2025 | 950.00 | 14/03/2016 | Book - Borrowing |